Hitman - Statistiques

Statistiques générales
  • Ce quiz a été pris 112 fois
  • Le résultat moyen est 4 sur 8
Statistiques - réponses
Question Réponse % Correct
Dans Hitman nous incarnons l'agent? 47
98%
La couleur de la cravate du protagoniste dans Hitman est? Rouge
94%
La mission en Allemagne a Berlin se déroule dans ? Une boite de nuit
83%
Comment se nomme le premier Hitman de la licence? Hitman : Tueur à gages
40%
Ou se déroule la mission aux pays bas dans Hitman contracts? Rotterdam
32%
En quel année est sorti Hitman contracts? 2004
29%
Combiens ya t'il de jeux Hitman? 8
29%
La mission en Roumanie se déroule dans ? Un abattoir
22%
Aucun quiz correspondant
Distribution des résultats
% des personnes avec chaque résultat
Percentile par nombre de réponses
Votre historique - résultats
Vous n’avez pas pris ce quiz